Quizzes
Events
Quiz Creation
Community
Videos
Private Events
Remove Ads
Sign In
Join for FREE
Feedback
Dark Mode
Quiz Categories
Sports
Geography
Music
Movies
Television
Just For Fun
Miscellaneous
History
Literature
Language
Science
Gaming
Entertainment
Religion
Holiday
For Kids
Quiz Lab
Recent
Popular Today
Quiz Kudos Today
Editor Picks
Curator Picks
Quizzes by...
Day
Popularity
Type
Ratings
Length
Year
Community
Subscriptions
Recent Discussions
Orange Saloon
Badges
Playlists
Quests
Create
Leaderboards
Showdown
Live 5
Trivia Bingo
Activity
Puzzle Library
Sporcle Events
Private Events
Virtual Trivia
Globe League
Become a Host
Pub Owners
SporcleCon
Opinionation
Our Games
Videos
Blog
Mobile Apps
Partnerships
Remove Ads and Go Orange
Feedback
Sports
Athletes
MLB
NBA
NHL
NFL
Soccer
Sports Teams
WWE
NCAA
Football
Premier League
Basketball
Baseball
Hockey
Golf
Tennis
Cricket
Rugby
Auto Racing
Olympics
World Cup
Sports
Athletes
MLB
NBA
NHL
NFL
Soccer
Sports Teams
WWE
NCAA
Football
Premier League
Basketball
Baseball
Hockey
Golf
Tennis
Cricket
Rugby
Auto Racing
Olympics
World Cup
Random Quiz
Search Sporcle
×
Quiz Lab
Quiz Lab
Sports
Soccer
Type in answers that appear in a list
Type in answers that appear in a list
Classic
Best Score? Go Orange.
42 Oldest Premier League Footballers Stats
Can you name the 42 Oldest Footballers to have played in the Premier League ?
By
defoeginola
10m
42 Questions
546 Plays
546 Plays
546 Plays
Comments
Comments
Give Quiz Kudos
Give Quiz Kudos
-
- Ratings
hide this ad
Replay
Link that replays current quiz
Next Quiz
Link to next quiz in quiz playlist
You Got
0%
They Got
Avg Score
30%
Avg Friend Score
Upgrade to see
Score Distribution
Jump to the score distribution portion of the page
Score
0/42
Timer
10:00
0
Plays Today
Age on last appearance
Player
% Correct
40
Teddy Sheringham
75.5%
40
David Seaman
67.8%
40
Edwin Van Der Sar
65%
40
Brad Friedel
60.8%
39
David James
60.4%
42
Steve Ogrizovic
56%
41
Neville Southall
52.9%
41
Jens Lehmann
48.9%
39
Peter Schmeichel
48.7%
38
Mark Schwarzer
42.7%
39
Dean Windass
42.1%
39
Nigel Winterburn
42.1%
38
Gary Speed
41.6%
38
Lee Dixon
41.4%
39
Stuart Pearce
37.9%
40
Gordon Strachan
34.6%
38
Les Ferdinand
32.2%
39
Nigel Martyn
28.6%
38
Graham Alexander
28.6%
38
Denis Irwin
28.4%
43
John Burridge
26.9%
Age on last appearance
Player
% Correct
38
Mark Hughes
26.6%
39
Bryan Robson
26.4%
38
Maik Taylor
25.6%
42
Alec Chamberlain
25.5%
39
Dave Beasant
23.8%
39
John Lukic
23.1%
39
Ray Wilkins
20.1%
38
Mike Pollitt
16.3%
41
Kevin Poole
15%
38
Kasey Keller
13.9%
38
Pavel Srnicek
11.7%
39
Richard Gough
11.5%
39
Colin Cooper
11.4%
38
Marcus Hahnemann
10.3%
39
Trevor Francis
9.2%
38
Bruce Grobbelaar
9.2%
39
Les Sealey
9%
38
Mick Harford
5.3%
39
Raimond Van Der Gouw
4.2%
38
Kevin Moran
3.3%
38
Glenn Cockerill
2.4%
Quiz Playlist
Details
Report
Send in Message
Add To Playlist
Classic:
Type in answers that appear in a list
Quiz Source
Last Updated: Feb 16, 2017
Quiz Scoreboard
CHALLENGE
Sign Up to Join the Scoreboard
Show All
Scores
Hide
Comments
May contain spoilers
Recently Published
NBA Finals Game Top Scorers (2010s)
by flibbidy
Sports
5m
Guess the 'R' Things in 3 Words
by MSUKent
Miscellaneous
3m
Actor to Badly Drawn Movie III
by MoMosMoProblems
Movies
5m
More to Explore
Quiz From the Vault
Featured Blog Post
Where Does Lost Luggage Go?
hide this ad
You Might Also Like...
Tags
Premier League Quiz
Soccer Quiz
oldest
Today's Top Quizzes in Sports
Browse Sports
hide this ad
Today's Top Quizzes in Soccer
Browse Soccer
Top Contributed Quizzes in Sports
1
Les joueurs à 100 buts en Ligue 1 Uber Eats
2
2022 World Cup Stars
3
2024 March Madness Bracket
4
Millionaire: NBA Finals Edition
5
Players with Multiple 50 Home Run Seasons
6
Criteria MLB: Left Handed Sluggers
7
Nickname Match: Athletes VI
8
Iconic Moments in Football - Multiple Choice
9
NFL MVPs ordered
10
NBA Championships Per City
Explore More
Trending Topics
Kpop
Marvel
Disney
NBA
Harry Potter
Anime
Crossword
Song
Country
Soccer
Pokémon
The Office
WWE
Puzzle
NFL
hide this ad
More By:
defoeginola
Quiz
Plays
Rating
Category
Featured
Created
Premier League Relegated Teams
9,077
4.15
Sports
Nov 5, 2009
Every Premier League Manager 1992-present
4,537
4.47
Sports
Aug 3, 2011
Premier League Hat-Trick Scorers
4,524
4.00
Sports
Jan 14, 2010
EPL Clubs Record Signings
2,447
3.00
Sports
Nov 10, 2009
English Football Play-Off Winners
702
4.75
Sports
Nov 6, 2009
Go to Creator's Profile
Score Distribution
Quiz Creator Spotlight
defoeginola
Follow
Send a Message
Quizzes Created
-
Created Quiz Play Count
-
More By This Creator
Popular Quizzes Today
1
Find the US States - No Outlines Minefield
2
Find the US States
3
The Countries of the World
4
10 Largest US States in Order
5
Find the Countries of Europe - No Outlines Minefield
6
US States
7
Guess the 'R' Things in 3 Words
8
NBA Finals Game Top Scorers (2010s)
More Sports Quizzes
PSG Biggest Transfer Profits
Quiz Lab
Trending Quizzes
First Name TV: Leading Men
Match the Book to the Film II
First Name TV: Leading Women Drama
Match the Book to the Film VI
3-Word Movies in 1 Word II
Recently Updated
Women's Final Four Teams by Year
bhenderson79
Presidents Quartet II
eogle
Anything But Clue(do)
eogle
Anything But Oceanian Capitals
eogle
Anything But 7
eogle
Anything But Thing
eogle
Word Ladder: February 29
pecheneg
Song Title Questions
pecheneg
Women's NCAA Tournament #1 Seeds
pecheneg
Celebrity Mug Shots
pecheneg
Trending Topics
Disney
NBA
Anime
Marvel
Crossword
Harry Potter
Kpop
Pokémon
Soccer
The Office
Country
WWE
NFL
Song
Puzzle
Your Account Isn't Verified!
In order to create a playlist on Sporcle, you need to verify the email address you used during registration. Go to your
Sporcle Settings
to finish the process.
Report this User
Report this user for behavior that violates our
Community Guidelines
.
Details:
Send Report
Go to the Sporcle.com Mobile Site →
Comments